LEADER 01303nam a2200277 i 4500 001 000000188925 003 CaOOAMICUS 005 20100423000000.0 008 100423s1969 it u000 u ita u 013 $a167161 040 $aSeMil$bita 100 1 $aLévi-Strauss, Claude,$d<1908-2009>.$0(OLS)http://semarc/name/8241 240 14$aLes structures elementaires de la parenté.$0(OLS)http://semarc/title/271983 245 13$aLe strutture elementari della parentela /$cClaude Lévi-Strauss ; a cura di Alberto M. Cirese. 260 $aMilano :$bFeltrinelli,$c1969. 300 $a669 p. ;$c23 cm. 490 0 $aI fatti e le idee : Saggi e biografie ;$v193 650 4$aAntropologia culturale.$0(OLS)http://semarc/subject/2863 650 4$aFamiglia - Sociologia.$0(OLS)http://semarc/subject/6184 650 4$aParentela - Antropologia.$0(OLS)http://semarc/subject/11326 700 1 $aCirese, Alberto Mario,$d<1921-2011>.$0(OLS)http://semarc/name/9128 830 2$aI fatti e le idee ;$v193.$0(OLS)http://semarc/title/9191 850 $aSeMil 852 $aSeMil$W1$xVenegono$y1$m2X IV 179$j139561$B139561$CSeMilBibl$Z2$F151183 $81 996 $6245$aLe strutture elementari della parentela$9(OLS)http://semarc/title/271982 996 $6260$aMilano :$bFeltrinelli$9(OLS)http://semarc/publisher/30237 LEADER 01334nam a2200289 i 4500 001 000000048348 003 CaOOAMICUS 005 20110210000000.0 008 110210s1995 it u000 u ita u 013 $a19518 020 $a88-7023-208-5 040 $aSeMil$bita 245 13$aLa tunica variegata :$bconversazioni sul rito ambrosiano /$ca cura di Marco Mauri. 260 $aMilano :$bNED,$ccopyr. 1995. 300 $a255 p. :$bill. ;$c24 cm. 500 $aCopia autografa del curatore. - Raccoglie le conferenze tenute dai proff. Cesare Alzati e Enrico Mauro Sala presso la pieve ambrosiana di Calolzio Corte. 650 4$aArchitettura sacra.$0(OLS)http://semarc/subject/8020 650 4$aCanto ambrosiano.$0(OLS)http://semarc/subject/5770 650 4$aPasqua - Liturgia.$0(OLS)http://semarc/subject/8333 650 4$aRito ambrosiano.$0(OLS)http://semarc/subject/2295 700 1 $aMauri, Marco.$0(OLS)http://semarc/name/23950 850 $aSeMil 852 $aSeMil$W1$xVenegono$y1$m3K V 424$j14503$B14503$CSeMilBibl$Z2$F14503 $81 961 $aOmaggio: Ferrario mons. Emilio 996 $6020$a88-7023-208-5$9(OLS)http://semarc/number/21382 996 $6245$aLa tunica variegata :$bconversazioni sul rito ambrosiano$9(OLS)http://semarc/title/73147 996 $6260$aMilano :$bNED$9(OLS)http://semarc/publisher/30187